000 00872nam a2200241Ia 4500
003 OSt
005 20220927105412.0
006 a|||||r|||| 00| 0
007 ta
008 220926b |||||||| |||| 00| 0 eng d
024 _a156253
037 _cReference Collections
040 _aRTL
_cRTL
_beng
041 _2eng
_aeng
082 _a"X:77.1.N54r, J4,19 /UN"
110 _a"UNITED NATIONS, GENERAL ASSEMBLY, OFFICIAL RECORDS: 9th SESSION"
_9372234
245 0 _aEconomic development of under developed countries
_b special United Nations fund for economic development
260 _aNew
_bYork United Nations
_c1954
300 _a"vii, 22p"
_ccm.
700 _a"UNITED NATIONS, GENERAL ASSEMBLY, OFFICIAL RECORDS: 9th SESSION"
_9372235
942 _h"X:77.1.N54r, J4,19 /UN"
_cCC
999 _c692369
_d692369